Schaums Outlines Machine Design ( In Si Units ) (Record no. 317897)

MARC details
000 -LEADER
fixed length control field 00463nam a2200157Ia 4500
008 - FIXED-LENGTH DATA ELEMENTS--GENERAL INFORMATION
fixed length control field 230718s9999 xx 000 0 und d
041 ## - LANGUAGE CODE
Language code of text/sound track or separate title eng
082 ## - DEWEY DECIMAL CLASSIFICATION NUMBER
Classification number 621.815
Item number HAL
100 ## - MAIN ENTRY--PERSONAL NAME
Personal name Hall A. S.
9 (RLIN) 161145
245 ## - TITLE STATEMENT
Title Schaums Outlines Machine Design ( In Si Units )
260 ## - PUBLICATION, DISTRIBUTION, ETC. (IMPRINT)
Name of publisher, distributor, etc. Tata Mc-graw Hill
300 ## - PHYSICAL DESCRIPTION
Extent 456
365 ## - TRADE PRICE
Currency code Rs.
Price amount 250.00
700 ## - ADDED ENTRY--PERSONAL NAME
Personal name Hall A. S.; Holowenko A.R.; Laughlin H.G. & Hills P.C.
9 (RLIN) 189747
906 ## - LOCAL DATA ELEMENT F, LDF (RLIN)
d B:20010-Nov-2007
c MECH
b 50
Holdings
Withdrawn status Lost status Damaged status Not for loan Home library Current library Date acquired Vendor Budget Code Cost, normal purchase price Bill number Total Checkouts Full call number Barcode Date last seen Date last checked out Discount Cost, replacement price Bill Date Koha item type Original Barcode
        Cummins College of Engineering for Women Pune Cummins College of Engineering for Women Pune 02/01/2008 Om Book Stall MECH 200.00 200 2 621.815 CCEP-BK-29104 02/04/2025 20/03/2025 50 250.00 10/11/2007 Books 029104